000 00546nam 22002053 4500
001 200911
021 _aPT
_b7118/85
090 _a200911
100 _a20260302d u||y0pory50 ba
200 _aA juventude 1904-1905
_fHugo Pratt
210 _aLisboa
_cEdições 70
_dD. L. 1985
215 _a42 p.
_cil. ; brochado
_d30 cm
225 _aCorto Maltese
606 _91586
_aDesenho Artístico
610 _aBanda Desenhada
675 _a74
_vPT
_zpor
700 _916585
_aPratt
_bHugo
_f1927-1995
801 _aPT
_bBMMN
_gRPC
830 _cIsabel
990 _cLIVROS